书目信息 |
| 题名: |
进口彩色电视机电路分析与维修
|
|
| 作者: | 赵忠卫 编著 | |
| 分册: | ||
| 出版信息: | 上海 上海翻译出版公司 1989 |
|
| 页数: | 189页 | |
| 开本: | 26cm | |
| 丛书名: | 《音响与电视》丛书 | |
| 单 册: | ||
| 中图分类: | TN949.12 | |
| 科图分类: | ||
| 主题词: | 电视--各种体制 | |
| 电子资源: | ||
| ISBN: | ||
| 000 | 00668nam2 2200217 45 | |
| 001 | 0405181745 | |
| 005 | 20040518174143.4 | |
| 010 | @dCNY7.25 | |
| 100 | @a20040518d1989 km y0chiy0120 ea | |
| 101 | 0 | @achi |
| 105 | @a z 000yy | |
| 200 | 1 | @a进口彩色电视机电路分析与维修@AJin Kou Cai Se Dian Shi Ji Dian Lu Fen Xi Yu Wei Xiu@f赵忠卫编著@FZhao Zhong Wei Bian Zhu |
| 210 | @a上海@c上海翻译出版公司@d1989 | |
| 215 | @a189页@d26cm@e附:插图1册 | |
| 225 | @a《音响与电视》丛书 | |
| 410 | @12001 @a《音响与电视》丛书 | |
| 606 | 0 | @a电视@x各种体制 |
| 690 | @aTN949.12@v3 | |
| 701 | 0 | @a赵忠卫@4编著 |
| 801 | @aCN@bTSTCL@c20040518 | |
| 905 | @f1@b231408@dTN949.12@e116 | |
| 进口彩色电视机电路分析与维修/赵忠卫编著.-上海:上海翻译出版公司,1989 |
| 189页;26cm+附:插图1册.-(《音响与电视》丛书) |
| ISBN :CNY7.25 |
| ● |
| 相关链接 |
|
|
|
|
正题名:进口彩色电视机电路分析与维修
索取号:TN949.12/116
 
预约/预借
| 序号 | 登录号 | 条形码 | 馆藏地/架位号 | 状态 | 备注 |
| 1 | 0231408 | 001650083 | 第三借阅区/ [索取号:TN949.12/116] | 在馆 | |
| 2 | 0231409 | 202451747 | 第二样本阅览室/ [索取号:TN949.12/116] | 在馆 |